All XXL Freshmen Classes (2007 - 2022) - Statistics

General Stats
  • This quiz has been taken 105 times
    74 since last reset
  • The average score is 80 of 159
Answer Stats
Hint Answer % Correct
2017 Freshman XXXTentacion
90%
2016 Freshman Lil Yachty
88%
2016 Freshman 21 Savage
86%
2019 Freshman DaBaby
86%
2016 Freshman Kodak Black
86%
2016 Freshman Lil Uzi Vert
86%
2011 Freshman Kendrick Lamar
84%
2011 Freshman Lil B
84%
2017 Freshman Playboi Carti
82%
2019 Freshman Megan Thee Stallion
80%
2016 Freshman Denzel Curry
78%
2009 Freshman Blu
76%
2016 Freshman Desiigner
76%
2019 Freshman Blueface
74%
2016 Freshman Lil Dicky
74%
2019 Freshman Lil Mosey
74%
2018 Freshman Lil Pump
74%
2019 Freshman Roddy Ricch
74%
2019 Freshman Gunna
72%
2018 Freshman JID
72%
2011 Freshman Mac Miller
72%
2018 Freshman Ski Mask The Slump God
72%
2013 Freshman Travis Scott
72%
2016 Freshman Anderson .Paak
70%
2012 Freshman Future
70%
2020 Freshman Lil TJay
70%
2010 Freshman J. Cole
68%
2019 Freshman Rico Nasty
68%
2016 Freshman G Herbo
66%
2012 Freshman Iggy Azalea
66%
2020 Freshman Jack Harlow
66%
2020 Freshman Lil Keed
66%
2016 Freshman Dave East
64%
2014 Freshman Lil Durk
64%
2020 Freshman Polo G
64%
2018 Freshman Smokepurpp
64%
2017 Freshman Ugly God
64%
2019 Freshman YK Osiris
64%
2018 Freshman BlocBoy JB
62%
2014 Freshman Chance The Rapper
62%
2019 Freshman Cordae
62%
2020 Freshman Fivio Foreign
62%
2009 Freshman Kid Cudi
62%
2017 Freshman Kyle
62%
2020 Freshman Latto
62%
2022 Freshman BabyTron
60%
2013 Freshman Action Bronson
58%
2015 Freshman Fetty Wap
58%
2013 Freshman Joey Bada$$
58%
2013 Freshman Logic
58%
2019 Freshman Tierra Whack
58%
2018 Freshman Trippie Redd
58%
2015 Freshman Vince Staples
58%
2018 Freshman YBN Nahmir
58%
2017 Freshman Aminé
56%
2021 Freshman Coi Leray
56%
2012 Freshman Machine Gun Kelly
56%
2012 Freshman Macklemore
56%
2021 Freshman Morray
56%
2022 Freshman Nardo Wick
56%
2020 Freshman NLE Choppa
56%
2017 Freshman PnB Rock
56%
2020 Freshman Rod Wave
56%
2013 Freshman ScHoolboy Q
56%
2018 Freshman Stefflon Don
56%
2013 Freshman Ab-Soul
54%
2018 Freshman Wifisfuneral
54%
2020 Freshman 24kGoldn
52%
2021 Freshman 42 Dugg
52%
2017 Freshman A Boogie Wit Da Hoodie
52%
2013 Freshman Chief Keef
52%
2020 Freshman Chika
52%
2017 Freshman MadeinTYO
52%
2021 Freshman Pooh Shiesty
52%
2022 Freshman SoFaygo
52%
2011 Freshman Yelawolf
52%
2020 Freshman Baby Keem
50%
2019 Freshman Comethazine
50%
2014 Freshman Kevin Gates
50%
2021 Freshman Rubi Rose
50%
2022 Freshman Saucy Santana
50%
2014 Freshman Vic Mensa
50%
2022 Freshman Babyface Ray
48%
2012 Freshman Danny Brown
48%
2015 Freshman GoldLink
48%
2014 Freshman Isaiah Rashad
48%
2017 Freshman Kap G
48%
2014 Freshman Lil Bibby
48%
2022 Freshman Big Scarr
46%
2021 Freshman DDG
46%
2012 Freshman Hopsin
46%
2022 Freshman KayCyy
46%
2011 Freshman Meek Mill
46%
2010 Freshman Nipsey Hussle
46%
2014 Freshman Rich Homie Quan
46%
2021 Freshman Toosii
46%
2021 Freshman Blxst
44%
2020 Freshman Calboy
44%
2021 Freshman Flo Milli
44%
2010 Freshman Jay Rock
44%
2014 Freshman Ty Dolla $ign
44%
2022 Freshman Big30
42%
2010 Freshman Big Sean
42%
2022 Freshman Cochise
42%
2007 Freshman Lupe Fiasco
42%
2013 Freshman Trinidad James
42%
2010 Freshman Wiz Khalifa
42%
2011 Freshman YG
42%
2013 Freshman Angel Haze
40%
2022 Freshman Doechii
40%
2021 Freshman Iann Dior
40%
2014 Freshman August Alsina
38%
2013 Freshman Dizzy Wright
38%
2022 Freshman Kali
38%
2017 Freshman Kamaiyah
38%
2015 Freshman Kidd Kidd
38%
2012 Freshman Kid Ink
38%
2021 Freshman Lakeyah
38%
2011 Freshman Lil Twist
38%
2012 Freshman Roscoe Dash
38%
2015 Freshman Tink
38%
2009 Freshman Wale
36%
2015 Freshman DeJ Loaf
34%
2011 Freshman Diggy Simmons
34%
2011 Freshman Fred The Godson
34%
2014 Freshman Jon Connor
34%
2022 Freshman KenTheMan
34%
2015 Freshman OG Maco
34%
2010 Freshman OJ Da Juiceman
34%
2015 Freshman Raury
34%
2015 Freshman Shy Glizzy
34%
2011 Freshman Big K.R.I.T.
32%
2009 Freshman B.o.B
32%
2012 Freshman French Montana
32%
2014 Freshman Troy Ave
32%
2012 Freshman Don Trip
30%
2013 Freshman Kirko Bangz
30%
2007 Freshman Papoose
30%
2009 Freshman Ace Hood
28%
2011 Freshman Cyhi the Prynce
28%
2007 Freshman Plies
28%
2009 Freshman Asher Roth
26%
2007 Freshman Gorilla Zoe
26%
2014 Freshman Jarren Benton
26%
2007 Freshman Joell Ortiz
26%
2015 Freshman K Camp
26%
2007 Freshman Rich Boy
26%
2007 Freshman Boosie Badazz
24%
2007 Freshman Crooked I
24%
2009 Freshman Curren$y
24%
2010 Freshman Donnis
24%
2010 Freshman Fashawn
24%
2010 Freshman Freddie Gibbs
24%
2007 Freshman Young Dro
24%
2009 Freshman Charles Hamilton
20%
2009 Freshman Cory Gunz
20%
2009 Freshman Mickey Factz
20%
2010 Freshman Pill
20%
2007 Freshman Saigon
20%
No matching quizzes found
Score Distribution
Percent of People with Each Score
Percentile by Number Answered
Your Score History
You have not taken this quiz since the last reset